000 00966nam a2200241 u 4500
005 20240925070151.0
008 071010s19972002mx r 000 0 spa d
020 _a9583004383
035 _aUPN01000171519
049 _aCG
050 4 _aPS2954
_bC3.8a
100 1 _aStowe, Harriet Beecher,
_d1811-1896
245 1 3 _aLa cabaña del tío Tom, o, vida de los negros en los estados esclavistas de Norteamérica /
_cHarriet Beecher Stowe ; tr. Juan Carlos González Espitia ; il. de Jairo Linares Landínez.
260 _aBogotá :
_bPanamericana,
_c1997 (2002 impr.).
300 _a659 p. :
_bil.
440 0 _aLiteratura juvenil
534 _pTraducción de:
_tUncle Tom's cabin; or, Negro life in the slave states of America
650 0 _aEsclavitud
_vNovela
_94342
650 4 _aNovela estadounidense
_94462
650 4 _aAfrodescendientes en la literatura
_92314
740 0 _aVida de los negros en los Estados esclavistas de Norteamérica
905 _aLibro
999 _c143624
_d143624